000 01517nam a2200241Ii 4500
003 JO-AjNU
005 20240603135211.0
008 230605s9999||||xx |||||||||||||| ||und||
040 _aJO-AjNU
_bara
_erda
_cJO-AjNU
041 _aara
100 1 _aابو عاقولة، سلام جمال ناصر
_964695
_eمعد
245 _aأثر خصائص مجلس الإدارة وهيكل الملكية على توقيت إصدار التقارير المالية في الشركات المساهمة العامة الصناعية الأردنية = The Impact of Board’s Characteristics and Ownership Structure on The Timeliness of Financial Reporting of Jordanian Industrial Corporations /
_cاعداد سلام جمال ناصر ابو عاقولة ؛ اشراف خلدون احمد الداود
260 _aا
_c2019
300 _a109 ورقة
336 _atext
_btxt
_2rdacontent
337 _aunmediated
_bn
_2rdamedia
338 _avolume
_bnc
_2rdacarrier
500 _aرسالة جامعية (ماجستير) .- جامعة اليرموك (إربد ، الأردن)، كلية الاقتصاد والعلوم الإدارية، قسم المحاسبة، 2019. ببليوجرافيا : صفحة 89-105. ملاحق : صفحة 106-108
504 _aس
650 7 0 _aالشركات الصناعية -- محاسبة -- الأردن
_930853
700 1 _aالداود، خلدون احمد،
_964697
_eمشرف
942 _2lcc
_cBK
999 _c33012
_d33012